MDQL
is popping MORE tags! Check the
thread
!
Quizzes
Events
Quiz Creation
Community
Videos
Private Events
Remove Ads
Sign In
Join for FREE
Feedback
Dark Mode
Quiz Categories
Sports
Geography
Music
Movies
Television
Just For Fun
Miscellaneous
History
Literature
Language
Science
Gaming
Entertainment
Religion
Holiday
For Kids
Quiz Lab
Recent
Popular Today
Quiz Kudos Today
Editor Picks
Curator Picks
Quizzes by...
Day
Popularity
Type
Ratings
Length
Year
Community
Subscriptions
Recent Discussions
Orange Saloon
Badges
Playlists
Quests
Create
Leaderboards
Showdown
Live 5
Trivia Bingo
Activity
Puzzle Library
Sporcle Events
Private Events
Virtual Trivia
Globe League
Become a Host
Pub Owners
SporcleCon
Opinionation
Our Games
Videos
Blog
Mobile Apps
Partnerships
Remove Ads and Go Orange
Feedback
Sports
Athletes
MLB
NBA
NHL
NFL
Soccer
Sports Teams
WWE
NCAA
Football
Premier League
Basketball
Baseball
Hockey
Golf
Tennis
Cricket
Rugby
Auto Racing
Olympics
World Cup
Sports
Athletes
MLB
NBA
NHL
NFL
Soccer
Sports Teams
WWE
NCAA
Football
Premier League
Basketball
Baseball
Hockey
Golf
Tennis
Cricket
Rugby
Auto Racing
Olympics
World Cup
Random Quiz
Search Sporcle
×
Quiz Lab
Quiz Lab
Sports
Basketball
Type in answers that appear in a list
Type in answers that appear in a list
Classic
Best Score? Go Orange.
NBA Advanced Stats Quiz Stats
NBA Advanced Stats 2016-17 Leaders
By
MrMojoJojo
6m
80 Questions
391 Plays
391 Plays
391 Plays
Comments
Comments
Give Quiz Kudos
Give Quiz Kudos
-
- Ratings
hide this ad
Replay
Link that replays current quiz
Next Quiz
Link to next quiz in quiz playlist
You Got
0%
They Got
Avg Score
66%
Avg Friend Score
Upgrade to see
Score Distribution
Jump to the score distribution portion of the page
Score
0/80
Timer
06:00
0
Plays Today
Stat
Leaders
% Correct
Usage Rate
Russell Westbrook
98.7%
Usage Rate
James Harden
98%
Free Throw Rate
James Harden
98%
Turnover Percent
James Harden
98%
Usage Rate
Anthony Davis
95.7%
Defensive Rating
Anthony Davis
95.7%
Usage Rate
Kyrie Irving
94.6%
Usage Rate
John Wall
94.4%
Usage Rate
Kawhi Leonard
94.1%
Defensive Rating
Kawhi Leonard
94.1%
Usage Rate
Demar Derozan
93.6%
Offensive Rating
Rudy Gobert
92.8%
Defensive Rating
Rudy Gobert
92.8%
True Shooting Percent
Rudy Gobert
92.8%
Effective Field Goal Percent
Rudy Gobert
92.8%
Free Throw Rate
Rudy Gobert
92.8%
Effective Field Goal Percent
Lebron James
92.6%
Usage Rate
Damian Lillard
92.1%
Offensive Rating
Deandre Jordan
91.8%
Defensive Rating
Deandre Jordan
91.8%
True Shooting Percent
Deandre Jordan
91.8%
Effective Field Goal Percent
Deandre Jordan
91.8%
Usage Rate
Demarcus Cousins
89.8%
Defensive Rating
Draymond Green
89.3%
Turnover Percent
Draymond Green
89.3%
Offensive Rating
Kevin Durant
88.7%
Defensive Rating
Kevin Durant
88.7%
True Shooting Percent
Kevin Durant
88.7%
Effective Field Goal Percent
Kevin Durant
88.7%
Three-
Point Tendency
Danny Green
88.7%
Usage Rate
Isaiah Thomas
88.5%
True Shooting Percent
Isaiah Thomas
88.5%
Free Throw Rate
Isaiah Thomas
88.5%
Offensive Rating
Tristan Thompson
87.5%
Effective Field Goal Percent
Stephen Curry
87.2%
Offensive Rating
Nikola Jokic
85.4%
True Shooting Percent
Nikola Jokic
85.4%
Effective Field Goal Percent
Nikola Jokic
85.4%
Offensive Rating
Chris Paul
85.2%
Offensive Rating
Jimmy Butler
80.6%
Stat
Leaders
% Correct
Free Throw Rate
Jimmy Butler
80.6%
Defensive Rating
Andre Drummond
77%
Defensive Rating
Hassan Whiteside
76.5%
Three-
Point Tendency
J.R. Smith
76%
Defensive Rating
Pau Gasol
71.1%
True Shooting Percent
Clint Capela
67.5%
Effective Field Goal Percent
Clint Capela
67.5%
Defensive Rating
Dwight Howard
67.3%
True Shooting Percent
Dwight Howard
67.3%
Effective Field Goal Percent
Dwight Howard
67.3%
Offensive Rating
Otto Porter
63.7%
True Shooting Percent
Otto Porter
63.7%
Effective Field Goal Percent
Otto Porter
63.7%
True Shooting Percent
Kyle Lowry
63.4%
True Shooting Percent
Kyle Korver
61.9%
Three-
Point Tendency
Kyle Korver
61.9%
Free Throw Rate
Joel Embiid
61.4%
Turnover Percent
Rajon Rondo
47.3%
Offensive Rating
Danilo Gallinari
43%
Free Throw Rate
Danilo Gallinari
43%
Free Throw Rate
Lou Williams
43%
Three-
Point Tendency
Trevor Ariza
43%
Effective Field Goal Percent
Gary Harris
42.7%
Offensive Rating
Kenneth Faried
40.4%
Free Throw Rate
Jeff Teague
35.5%
Turnover Percent
Ricky Rubio
33.5%
Three-
Point Tendency
Nick Young
28.4%
Turnover Percent
T.J. Mcconnell
23.5%
Turnover Percent
Monta Ellis
15.6%
Turnover Percent
Joe Ingles
15.3%
Turnover Percent
Matthew Dellavedova
13.6%
Free Throw Rate
Spencer Dinwiddie
13%
Three-
Point Tendency
Wayne Ellington
11.5%
Three-
Point Tendency
Alex Abrines
9.2%
Turnover Percent
Sergio Rodriguez
8.7%
Three-
Point Tendency
Luke Babbitt
7.4%
Turnover Percent
Isaiah Whitehead
6.1%
Three-
Point Tendency
Mirza Teletovic
5.6%
Three-
Point Tendency
Troy Daniels
4.3%
Free Throw Rate
Andrew Harrison
3.3%
Quiz Playlist
Details
Report
Send in Message
Add To Playlist
Classic:
Type in answers that appear in a list
Last Updated: May 28, 2017
Quiz Scoreboard
CHALLENGE
Sign Up to Join the Scoreboard
Show All
Scores
Hide
Comments
May contain spoilers
Recently Published
Street Fighter Characters
by Artimus82
Gaming
60s
9x9 Crossword: Cartoon Network
by jackfrog10
Miscellaneous
3m
College Basketball Coaching Resumes
by pancakes188
Sports
9m
More to Explore
Quiz From the Vault
Featured Blog Post
Where Did the Easter Bunny Come From?
hide this ad
You Might Also Like...
Tags
Basketball Quiz
NBA Quiz
NBA Player
NBA Points
NBA Team Leaders
Season Stat
stat
Stats Leaders
Today's Top Quizzes in Sports
Browse Sports
hide this ad
Today's Top Quizzes in Basketball
Browse Basketball
Top Contributed Quizzes in Sports
1
2022 World Cup Stars
2
Les meilleurs buteurs des matchs entre le PSG et l’OM
3
FIFA Club World Cup Champions
4
Les entraîneurs de l'OM et du PSG au 21e siècle
5
Criteria MLB: Left Handed Sluggers
6
2023 MLB Unique Player Accomplishments
7
AFC Teams Reveal (Wrong Answers Minefield)
8
Players with Multiple 50 Home Run Seasons
9
5-to-1: FBS Animal Nicknames
10
5-to-1: UK Sports Teams
Explore More
Trending Topics
Disney
NBA
Kpop
Marvel
Harry Potter
Crossword
Anime
Soccer
NFL
Puzzle
The Office
Country
Song
Pokémon
WWE
hide this ad
More By:
MrMojoJojo
Quiz
Plays
Rating
Category
Featured
Created
NBA Advanced Stats Quiz
391
5.00
Sports
May 26, 2017
Metallica - Name that song
359
Music
May 23, 2017
NBA: Who He Play For?
302
5.00
Sports
Nov 2, 2017
NHL Leaders 2016-17
259
Sports
May 28, 2017
Mike Korzemba Ultimate Quiz
245
3.00
Sports
Nov 7, 2017
Go to Creator's Profile
Score Distribution
Quiz Creator Spotlight
MrMojoJojo
Follow
Send a Message
Quizzes Created
-
Created Quiz Play Count
-
More By This Creator
Popular Quizzes Today
1
Find the US States - No Outlines Minefield
2
Find the Countries of Europe - No Outlines Minefield
3
The Countries of the World
4
Find the US States
5
Risky Map Clicking: Biggest States A-Z
6
US States
7
Popular People in 1961
8
Movies - When Are They Set?
More Sports Quizzes
NBA Journeymen: Which Team Did They NOT Play For?
Quiz Lab
Trending Quizzes
Risky Map Clicking: Least Populous States A-Z
1-10 Letter G Words
Risky Map Clicking: Next State Alphabetically
Adjectives in 80s TV Shows
The Seven Year Switch: Catherine
Recently Updated
Leaping Animals
pecheneg
Reality TV Shows (A-Z)
bhenderson79
Rickey Henderson's Hall of Fame Teammates
pecheneg
Champions League XIs: Arsenal
pecheneg
Quick Pick: Celebrities in WWE's Hall of Fame
aduchscher
A-Z Keypad Blitz II
pecheneg
Multiple Oscar Actors
pecheneg
Mystery Phrase Blitz: Oscar 'Best Actors'
pecheneg
F. Scott Fitzgerald Novels
LTH
Pick 3 Villains
ddd62291
Trending Topics
NBA
Marvel
Disney
Crossword
Anime
Harry Potter
Kpop
The Office
Puzzle
Soccer
WWE
Song
NFL
Country
Pokémon
Your Account Isn't Verified!
In order to create a playlist on Sporcle, you need to verify the email address you used during registration. Go to your
Sporcle Settings
to finish the process.
Report this User
Report this user for behavior that violates our
Community Guidelines
.
Details:
Send Report
Go to the Sporcle.com Mobile Site →
Comments